[Event "41. Olympiad Tromso 2014 women"]
[Site "TromsÃÂ¸"]
[Date "2014.08.09"]
[Round "7"]
[White "Lagno, Kateryna"]
[Black "Hou, Yifan"]
[Result "1-0"]
[WhiteElo "2540"]
[BlackElo "2661"]
[EventDate "2014.??.??"]
[Annotator "Ramirez Alvarez,Alejandro"]
[PlyCount "79"]
[EventCountry "NOR"]
[WhiteTeam "Russia"]
[BlackTeam "China"]
[WhiteTeamCountry "RUS"]
[BlackTeamCountry "CHN"]

1. d4 Nf6 2. c4 e6 3. Nf3 d5 4. Nc3 Bb4 {Hou Yifan's Ragozin has served 
her well for many games.} 5. cxd5 exd5 6. Bg5 Nbd7 7. Qc2 c5 8. g3 {An 
unusual idea, but it has been treid this year a few times.} 8. ... h6 9. 
Bf4 {Wojtaszek has tried this move before, against Peralta in 2012. The 
more common retreat is to e3.} 9. ... O-O 10. Bg2 b6 11. O-O Bb7?! {
Black's development seems sensible enough for now, but this last move 
underestimates White's threats.} ( 11. ... Bxc3! 12. bxc3 Re8 13. Ne5 Bb7 
=, quiet ) 12. Nb5 Bc6? {Hou Yifan fails to smell the danger.} ( 12. ... 
c4 13. a3 Be7 14. Nh4 {is a little more pleasant for White.} ) 13. Nc7! 
Rc8 14. a3! Ba5 15. b4 {This is the uncomfortable point for Black. Now her
bishop is trapped on a5 and she must at least lose the exchange. There is 
also not a good way to get decent compensation for it.} 15. ... Ne4 {a try
that is as good as any.} 16. dxc5 bxc5 17. bxa5 Rxc7 18. Bxc7 Qxc7 19. Nd2
f5 20. Rac1 Kh8 21. f3 Nxd2 22. Qxd2 f4 23. gxf4 Rxf4 24. e3 Ra4 25. f4 
Qxa5 26. Rfd1 Nb6 ( 26. ... Nf6 {gave more hope. White would still need 
some convincing technique to win the game.} ) 27. Qb2 Rxa3 28. f5 ( 28. 
Qe5! ) 28. ... Ra2 29. Qe5 Qb4 30. e4 Nc4 31. Qc3! {The trade of queens is
not feasable for Black, but neither is allowing f6.} 31. ... Qb7 ( 31. ...
 Qxc3 32. Rxc3 Nb6 33. Rxc5 {is not really holdable.} ) 32. exd5 Rxg2+ {
desperation.} ( 32. ... Bb5 33. f6 gxf6 34. Qxf6+ Qg7 35. Qxg7+ Kxg7 36. 
Rc3 +- ) 33. Kxg2 Bxd5+ 34. Kg1 Bf7 35. f6 Qe4 36. fxg7+ Kh7 37. g8=Q+! {
The cleanest way to finish the game.} 37. ... Kxg8 38. Rd8+ Kh7 39. Rh8+ 
Kg6 40. Qg3+ {A very tough loss for Hou Yifan and one that could not have 
come at a worse moment.} 1-0

[Event "41. Olympiad Open 2014"]
[Site "?"]
[Date "2014.08.10"]
[Round "8"]
[White "Rapport, Richard"]
[Black "Onischuk, Alexander"]
[Result "1-0"]
[WhiteElo "2704"]
[BlackElo "2729"]
[EventDate "2014.08.10"]
[Annotator "Klíma"]
[PlyCount "41"]

1. b3 e5 2. Bb2 Nc6 3. e3 Nf6 4. Bb5 Bd6 5. Na3 a6 6. Bxc6 dxc6 7. Nc4 Qe7
8. a4 O-O 9. a5 Bg4 10. Ne2 Nd7 11. O-O e4 12. Nxd6 cxd6 13. f3 exf3 14. 
gxf3 Bh3 15. Rf2 Ne5 16. f4 Ng6 17. f5 Qg5+ 18. Ng3 Ne5 19. Ra4 Bg4 20. 
Qf1 +/- f6?? {Na první pohled neÅ¡kodné f6 ihned konÄ�í partii. ÄŒerný si 
asi nedal pozor nebo koukal po holkách...} ( 20. ... Rfe8 21. Raf4 d5 22. 
h3 Bh5 ) ( 20. ... Rfd8 21. Raf4 Re8 22. Qg2 f6 ) 21. Bxe5 {A je po 
figuÅ™e. Po dobrání na e5 pÅ™ijde Å¡ach dámou na c4 s následujícím Dxg4...
} 1-0

[Event "41. Olympiad Tromso 2014 Open"]
[Site "TromsøÂ¸"]
[Date "2014.08.10"]
[Round "8"]
[White "Cheparinov, Ivan"]
[Black "Ponomariov, Ruslan"]
[Result "1-0"]
[WhiteElo "2681"]
[BlackElo "2717"]
[EventDate "2014.??.??"]
[Annotator "Marin, Mihail"]
[PlyCount "73"]
[EventCountry "NOR"]
[WhiteTeam "Bulgaria"]
[BlackTeam "Ukraine"]
[WhiteTeamCountry "BUL"]
[BlackTeamCountry "UKR"]

1. d4 Nf6 2. c4 e6 3. Nf3 d5 4. g3 dxc4 5. Bg2 c5 6. O-O Nc6 7. dxc5 Qxd1 
8. Rxd1 Bxc5 9. Nbd2 c3 10. bxc3 O-O {Not a lucky variation for 
Ponomariov. It yielded him the only loss during the 2009 World Cup final 
against Gelfand.} 11. Nb3 {When I started playing the Catalan, I tried 
making this plan work, but somehow did not believe in White's dynamic 
resources in the absence of the queens. It seems I was wrong.} ( {Gelfand 
managed to surprise Ruslan with} 11. Ne1 {in the aforementioned 
Gelfand-Ponomariov, Khanty-Mansiysk 2009} ) 11. ... Be7 12. c4 Bd7 13. Bb2
Rfd8 14. Nfd4 Rac8 15. Nb5 b6 {[#]Once again, the relevance of this game 
with our main classical theme is unclear. Is there any danger for the 
black king? Do not worry, there will be! So far, both sides had played 
relatively quickly, but Cheparinov spent 12 minutes on his next move.} 16.
 Nd6 ( {A novelty over} 16. Rac1 {The last move seems to settle some new 
kind of problems, since Ponomariov neded 17 minutes to adapt himself to 
the changed circumstances.} ) 16. ... Rc7 17. Ba3! {[#]A kew move in 
White's plan. The bishop was not doing much on the long diagonal, while 
from a3 it creates all sorts of tactical motifs. The immediate threat is 
18.Nb5 Rcc8 19.Bxc6 winning a piece.} 17. ... Kf8 {Since White's 
coordination is obviously better, Ponomariov tries to relieve his position
by using numeric superiority. This is a known method when the game gets 
close to an ending. If the defending part can use his king as an extra 
piece in the main area of combat, he has all the chances for a favourable 
outcome. The main problem is that the position is far from getting to an 
endgame yet, being closer to a complex queenless middlegame. This makes 
the last move double-edged.} ( {True, there was no obvious way to 
equalising. If} 17. ... Ne5 18. Nb5 Bxb5 19. Rxd8+ Bxd8 20. cxb5 {the 
strong Catalan bishop and the queenside space advantage offers White 
better chances in the endgame.} ) ( {We can also understand that Black was
not keen to weaken his queenside with} 17. ... a6 {, although there is no 
obvious way to develop White's initiative.} ) 18. c5 {Reinforcing the 
threat 19.Nb5, this time with a different idea (see the next comment for 
better visualising).} 18. ... Nb8? {The decisive mistake.} ( {A neutral 
move such as} 18. ... h6 {would run into} 19. Nb5 Rcc8 20. Bxc6 Rxc6 21. 
Nxa7 Rc7 22. cxb6 {In this line, the Catalan bishop proved its force by a 
well-timed capture on c6. With his last move, Ponomariov not only cleared 
the long diagonal, but took the b5-square under control as well. In doing 
so, he failed to notice the hidden force of the other bishop. This way we 
can conclude that the bishop's team work had a more subtle character than 
in the previous and in the Lasker's game.} ) ( {A better way of 
neutralising the g2-bishop would have been} 18. ... Nd5 {In some lines 
White may win a pawn, but his pieces could be left a bit hanging.} ) 19. 
Nb5! {Unexpectedly, this move is possible and winning! Ponomariov sank 
into deep thought (possibly interrupted by self-reproaches) for almost 
half an hour, but there is nothing to be saved anymore.} 19. ... Rcc8 ( {
The tactical point is that} 19. ... Bxb5 {loses the exchange to} 20. Rxd8+
Bxd8 21. cxb6+ ) 20. Nxa7 Rc7 21. cxb6 {White has won two pawns retaining 
a normal coordination. The game is over.} 21. ... Rc2 22. Nd4 Rc4 23. Rac1
Rxc1 24. Bxe7+ Kxe7 25. Rxc1 Kd6 26. Ndb5+ Bxb5 27. Nxb5+ Ke7 28. a4 Rd2 
29. Nc3 Nfd7 30. a5 Rb2 31. Ra1 Rc2 32. Ra3 Rc1+ 33. Bf1 Nc6 34. Nb5 Nce5 
35. b7 Nc4 36. a6 Nxa3 37. Nxa3 1-0

[Event "41. Olympiad Tromso 2014 Open"]
[Site "TromsøÂ¸"]
[Date "2014.08.10"]
[Round "8"]
[White "Rapport, Richard"]
[Black "Onischuk, Alexander"]
[Result "1-0"]
[WhiteElo "2704"]
[BlackElo "2659"]
[EventDate "2014.??.??"]
[Annotator "Marin, Mihail"]
[PlyCount "41"]
[EventCountry "NOR"]
[WhiteTeam "Hungary"]
[BlackTeam "United States"]
[WhiteTeamCountry "HUN"]
[BlackTeamCountry "USA"]

1. b3 {Actually, there is! Richard Rapport stunned everybody by playing 
the Larsen opening twice at Wijk aan Zee earlier this year. He lost in 
both cases, but his position after the opening was by no means bad. 
Richard proved the needed strength to stick to his secret weapon and in 
the yesterday's game this paid off surprisingly easily.} 1. ... e5 2. Bb2 
Nc6 3. e3 Nf6 4. Bb5 {Once again we have a case of indirect team work. 
White will gladly give up his light-squared bisop in order to increase his
colleague's influence along the long diagonal.} 4. ... Bd6 {[#]} 5. Na3 {
Preparing to add more pressure on the e5-square.} 5. ... a6 6. Bxc6 dxc6 
7. Nc4 Qe7 8. a4 {Actually, we are not far from some classical patterns. 
If White gets to play e3-e4, the structure would be typical fo the Ruy 
Lopez delayed Exchange Variation (4.Ba4 Nf6 5.0-0 Be7 6.Bxc6).} 8. ... O-O
9. a5 Bg4 10. Ne2 Nd7 11. O-O {[#] Black has developed his pieces 
actively, but does not have clear threats against White's flexible 
position. The queenside space advantage and the better structure would 
yield White very pleasant play in case of simplifications.} 11. ... e4 {
Hoping to get chances for an attack, but giving new life to the b2-bishop.
} 12. Nxd6 cxd6 13. f3! {By undermining Black's outpost Wite will get a 
compact central majority.} 13. ... exf3 14. gxf3 Bh3 15. Rf2 Ne5 16. f4 
Ng6 17. f5 Qg5+ 18. Ng3 Ne5 19. Ra4 {Quite an original way of preparing 
the rooks' connection!} 19. ... Bg4 20. Qf1 {[#]White did not seem to do 
anything special, but his hyper-modern treatment of the opening yielded 
him advantage on practically all the sectors of the board. Black will have
a hard time coping with the combined pressure along the g- and b-files, 
especially that there is not much of a counterplay to dream of. In such 
situations, blunders are likely to occur...} 20. ... f6? {Obviously hoping
to neutralise the b2-bishop's pressure, but overlooking a small detail.} 
21. Bxe5 {White wins the g4-bishop with 22. Qc4+. Onischuk's blunder may 
be explained by the fact that White's display of pieces is rather far from
any known patterns, causing some problems with the perception of the 
dynamic nuances and piece trajectories.} 1-0

[Event "41. Olympiad Tromso 2014 Open"]
[Site "TromsøÂ¸"]
[Date "2014.08.10"]
[Round "8"]
[White "Eljanov, Pavel"]
[Black "Iotov, Valentin"]
[Result "1-0"]
[WhiteElo "2723"]
[BlackElo "2553"]
[EventDate "2014.??.??"]
[Annotator "Marin, Mihail"]
[PlyCount "58"]
[EventCountry "NOR"]
[WhiteTeam "Ukraine"]
[BlackTeam "Bulgaria"]
[WhiteTeamCountry "UKR"]
[BlackTeamCountry "BUL"]

1. d4 d5 {The reader may suspect that I have attached the introduction 
above to the wrong game. What could this 100% classical opening have in 
common with Lasker's bishops? I gently ask for your patience, the 
similarities will come out later. And you should not be misguided by the 
big rating difference to White's favour. Iotov had played a fantastic 
tournament so far, with 6,5 out of 7, including wins over Karjakin and 
Tiviakov!} 2. c4 c6 3. Nf3 Nf6 4. e3 a6 5. Nbd2 Bf5 6. Nh4 Be4 7. Be2 {A 
rare move, developing the bishop on an apparently modest square.} ( {The 
usual continuation is} 7. f3 {but, anticipating a bit, White will need the
d1-h5 diagonal for inserting the queen into the attack.} ) 7. ... e6 8. 
O-O Bd6 9. g3 Nbd7 10. Nxe4 Nxe4 {[#]White has gained the bishops' pair 
without making any major concession. The awkward knight's position on h4 
is temporary as White could retreat with it in any moment. Moreover in the
game Eljanov will find a way to send it to the first lines of his attack! 
But any attack must be prepared and over the next three moves White will 
finally display his bishops according to the Lasker pattern.} 11. Bd3 Nef6
12. b3 O-O 13. Bb2 {The position is typical for the Slav Defence. White 
has the bishops' pir and more space, but Black's position is solid and 
flexible at the same time. But flexibility means a wide choice of plans, 
which psychologically may be difficult to handle. For practical reasons it
is simpler when there is only one reasonable plan available. In such 
cases, one sticks to it and does not have to spend time and energy on 
making choices. In any case, Black's choice on the next (13th) move, 
consuming roughly 13 minutes, was a rather unfortunate choice.} 13. ... c5
?! {This pawn break will lead to the radical activation of the white 
bishops. White was not threatening anything yet, so Black could and should
have simply improved his position.} ( {My favourite is} 13. ... Qe7 {
planning either ...g7-g6 followed by ...e5, which would more or less 
neutralize the b2-bishop, or just the bishop exchange with . ..Ba3 (Bc3, .
..Bb4).} ) 14. cxd5 Nxd5 15. dxc5 {The bishops' diagonals are wide open 
and the position finally acquires some similarities with Lasker-Bauer.} 
15. ... Nxc5?! {This apparently active move, gaining one tempo by atacking
the bishop, takes the knight too far from the kingside.} ( 15. ... Bxc5 {
would have been somewhat safer, although Black would remain under 
pressure.} 16. Qh5 h6 ( 16. ... N7f6 {does not work out tctically:} 17. 
Bxf6 Nxf6 {Both bishops are hanging, but White can sell his for ona pawn:}
18. Bxh7+! Nxh7 19. Qxc5 {with a sound extra pawn for White.} ) 17. Rfd1 {
White's position is more active and his bishops' pair may have the telling
in the endgame, but Black has chances for (true, joylessly) defending.} ) 
16. Bc2 {[#]Sudenly, there are many white pieces targeting the black king:
the bishops, the queen, and, as surprising as this may sound, the knight.}
16. ... Be7 {Black tries organising a general retreat for defensive 
purposes, but he is one tempo too slow.} ( {The other possible way to 
initiate this plan,} 16. ... Nf6? {would lose for several reasons, the 
simplest being} 17. Bxf6 gxf6 18. b4 {winning a piece.} ) 17. Qh5 {The 
previous inacuraccies have put Black in a dangerous situation. He has to 
choose now between three pawn moves for parrying the mate on h7. This is a
critical decision which required some deep analysis. Instead, Iotov 
answered after only 6 minutes.} 17. ... f5? {This weakens the position too
much.} ( {Actually, Black's choice lied among two moves only, since} 
17. ... g6? {would lose on the spot to the obvious} 18. Nxg6 fxg6 19. Bxg6
{Even though not as spectacular as Lasker's combination, this simple line 
illustrates the force of the bishops perfectly well.} ) ( {The only way to
stay alive was} 17. ... h6!? {White would need acting quickly, otherwise 
...Bf6 would suddenly offer Black a great game. The c3-square would turn 
weak and the c2-bishop would be left without scope. I cannot know the 
reason why Iotov rejected this move, but the only way to keep the 
initiative on would have been based on a sacrificial knight jump to f5. 
Unlike in the game, this would have happened without pawn capture.} 18. 
Nf5!? ( {Alternatively, White could centralise a rook:} 18. Rad1 {
Precisely this one in order to avoid the bishop pin on the next move.} 
18. ... Bf6 19. Ba3 Rc8 {If 20.e4 Qa5 Black unpins himself, so} 20. Nf5 {
looks more promising.} 20. ... g6 21. Nxh6+ Kg7 {White has managed to win 
a pawn, but his minor pieces are hanging slightly (.. .Qa5, ... Nd7), 
making the outcome of the game uncertain yet.} ) 18. ... exf5 19. Rad1 Bf6
( {Once again, the weakening move} 19. ... g6 {would allow White display 
the force of his b2-bishop:} 20. Qxh6 Bf6 21. Rxd5 Qxd5 22. Bxf6 {with 
inevitable mate.} ) 20. Qxf5 g6 21. Qxd5 Qxd5 22. Rxd5 Bxb2 23. Rxc5 {
White has won a pawn, but needs playing very precisely in order to avoid 
the exchange of all rooks, leading to a draw.} 23. ... Rac8 24. Rxc8 Rxc8 
25. Be4 b6 26. Bb7 Rc7 {The black rook is busy preventing the loss of the 
second pawn, so there was no time for the saving ...Rc1 yet.} 27. Bxa6 Ra7
28. Rb1! {An important Zwischenzug, clearing the f1-square for the bishop 
in order to avoid the back rank pin.} 28. ... Be5 29. Bf1 Rxa2 30. Rc1 Rb2
31. Rc8+ Kg7 32. Bc4 {White has finally stabilized the position, but Black
keeps reasonable saving chances.} ) 18. Nxf5! exf5 {[#]One possible reason
why Iotov chose 17...f5 is that it indirectly activates the f8-rook, 
preventing 19.Qxf5. But Black is so weak on light squares that the next 
centralising move puts all the dots over the i.} 19. Rad1! {There is no 
adequate defence against b4 followed by Bb3 or the simple Bxf5.} ( 19. 
Bxf5 Rxf5 20. Qxf5 {would have offered Black some chances for survival.} )
19. ... Qd6 20. b4 Ne6 21. Bxf5! ( {Even stronger than} 21. Bb3 Nec7 22. 
e4 Bf6 {The game move reiterates the threats against the black king.} ) 
21. ... Ng5 {[#]Black's position is hanging by a hair alllowing a thematic
combination already.} 22. Rxd5! Qxb4 ( {If} 22. ... Qxd5 23. Bxh7+ {Black 
has the choice between losing the queen by taking the bishop or after} 
23. ... Kh8 24. Be4+ ) 23. Bd4 {White has won a pawn and retains all his 
previous trumps. The game is basically over.} 23. ... Rad8 24. Rxd8 Bxd8 
25. Qg4 ( 25. Bc2 {planning Bb3+ looks a bit more natural.} ) 25. ... Qc4 
26. h4 Qd5 27. Bxh7+! Kxh7 28. hxg5 Qxg5 29. Qe4+ Qg6 1-0

[Event "41. Olympiad Tromso 2014"]
[Site "Tromso NOR"]
[Date "2014.08.11"]
[Round "9.2"]
[White "Bacrot, Etienne"]
[Black "Laznicka, Viktor"]
[Result "1-0"]
[WhiteElo "2720"]
[BlackElo "2676"]
[EventDate "2014.08.02"]
[PlyCount "77"]

1. d4 d5 2. c4 c6 3. Nc3 Nf6 4. e3 a6 5. Nf3 b5 6. b3 Bg4 7. Qc2 e6 8. Ne5
Bf5 9. Bd3 Bxd3 10. Nxd3 bxc4 11. bxc4 dxc4 12. Ne5 Nbd7 13. O-O Qc7 ( {
AÅ¾ doposud se oba borci drÅ¾eli partie Kramnik-IvanÄ�uk, 2011, kde se 
stalo} 13. ... Nxe5 14. dxe5 Nd5 15. Rd1 Qa5 ) 14. Nxd7 Nxd7 15. Ne4 Nb6 
16. Rb1 Be7 17. Nd2 O-O 18. Nxc4 Nxc4 19. Qxc4 Rfc8 20. e4 c5 21. d5 exd5 
22. exd5 {Zcela korektní prÅ¯bÄ›h pÅ™ivedl oba hráÄ�e do této 
zjednoduÅ¡ené pozice, ve které má bílý malý chlup. Je to typ pozice, ve 
které se nedá mluvit o nÄ›jakém konkrétním plánu. ÄŒerný by sice rád 
rozbÄ›hnul svého c-pÄ›Å¡ce, ale nemá k tomu prostÅ™edky. Bílý by rád 
vynutil nÄ›jaké (dalÅ¡í) oslabení a vylepÅ¡il své figury, ale nesmí to 
pÅ™ehnat s výmÄ›nami. ZaÄ�íná konkrétní boj.} 22. ... Bd6 23. g3 Qa5?! {
ZaÄ�átek smolné pouti Ä�erné dámy.} ( {Lépe vypadá} 23. ... Rcb8 24. Be3 
a5 ) 24. Rd1 Rab8 25. Be3 h5?! {Nevím, co Viktora k tomuto tahu vedlo Ä�i 
zda mu jen nevypadnul h-pÄ›Å¡ec z ruky pÅ™i dÄ›lání okýnka. MoÅ¾ná jsem na
tento tah moc pÅ™ísný, ale následující prÅ¯bÄ›h ukáÅ¾e pouze negativa 
tohoto postupu.} ( 25. ... h6?! 26. Qg4 h5 27. Qxh5 Qxa2 28. Ra1 Qc4 29. 
Rdc1 Qb5 ) 26. Kg2 Re8? {Ale aÅ¾ toto je urÄ�itÄ› Å¡patnÄ›.} ( {KdyÅ¾ 
Å™ekl Viktor A, mÄ›l Å™íct i B a zahrát} 26. ... h4 {s myÅ¡lenkou} 27. 
Qxh4 Qxa2 {a hrálo by se.} ) ( {PÅ™ípadnÄ› Å¡lo i} 26. ... Rf8 {a 
nevychází dvojí úder z poznámky níÅ¾e.} ) 27. Bd2! {V správný moment.} 
27. ... Qa3 ( {ÄŒerný nemÅ¯Å¾e (moÅ¾ná dÅ™íve plánované)} 27. ... Rxb1 28.
 Bxa5 Rxd1 {pro} 29. Qa4 {se ztrátou materiálu.} ) 28. Rxb8 Rxb8 29. Bc3 {
ÄŒerná královna se nyní ocitla v izolaci, címÅ¾ vnesla chaos do souhry 
svých poddaných. Je pouÄ�né sledovat, jak rychle a zdánlivÄ› jednoduÅ¡e 
Francouz tento nesoulad potrestá.} 29. ... Re8 30. Rb1 Rb8 31. Re1 Rd8? {
Urychluje prohru,} ( {avÅ¡ak nepomáhá ani} 31. ... Rf8 32. Re3 Qc1 33. 
Qxa6 ) ( {a ani} 31. ... Ra8 32. Re3 Qc1 33. Qd3! {v obou pÅ™ípadech s 
rozhodující výhodou bílého.} ) 32. Re3 Qc1 33. Qh4 f6 34. Bxf6! {
NepÅ™íliÅ¡ sloÅ¾itá obÄ›t rozkládá Viktorovu pozici. Zbytek je jen 
agónie.} 34. ... Rf8 35. Bxg7 Kxg7 36. Qg5+ Kh7 37. Qxh5+ Kg7 38. Qg5+ Kh7
39. Re7+ 1-0